00470 2200193 4500001002100000005001500021035002000036007000300056008004100059020000600100082001000106084001600116100001900132245003400151250000600185260004300191300002600234650001600260INLIS00000000000200420260204092926 a0010-0226000014ta260204 g 0 ind  a- a2X5.4 a2X5.4 GIB t0 aGibran Maulana1 aTuntunan Dzikir Pagi & Petang a- aSurabaya :bCahaya Agency Surabaya,c- a32 :bilus ;c20 x 25 aDoam, Wirid